[Event "ZI-2010-0-00704"]
[Site "LSS email"]
[Date "2010.04.17"]
[Round "?"]
[White "Latib, Yunus"]
[Black "Turon, Joan"]
[Result "1-0"]
[WhiteElo "1559"]
[BlackElo "1583"]
[PlyCount "51"]
[EventDate "2010.04.10"]
[EventType "match (corr)"]
[EventRounds "2"]
[EventCountry "GER"]
[SourceTitle "Telechess CBM 141"]
[Source "ChessBase"]
[SourceDate "2011.03.17"]
[SourceVersion "1"]
[SourceVersionDate "2011.03.17"]
[SourceQuality "1"]

1. e4 c5 2. Nf3 Nc6 3. d4 cxd4 4. Nxd4 Nf6 5. Nc3 d6 6. Bg5 e6 7. Qd2 a6 8. 0-0-0 Bd7 9. f4 b5 10. Bxf6 gxf6 11. Kb1 Qb6 12. Nf3 0-0-0 13. g3 Kb8 14. Bh3 Bc8 15. f5 h5 16. Qe1 Bh6 17. fxe6 fxe6 18. Rf1 Qe3 19. Ne2 Rhf8 20. a3 Kb7 21. a4 bxa4 22. Nfd4 Nxd4 23. Rxd4 Ka8 24. Rxa4 Rde8 25. Qd1 Qc5 26. Rf3 1-0

[Event "ZI-2010-0-00704"]
[Site "LSS email"]
[Date "2010.04.17"]
[Round "?"]
[White "Turon, Joan"]
[Black "Latib, Yunus"]
[Result "0-1"]
[WhiteElo "1583"]
[BlackElo "1559"]
[PlyCount "48"]
[EventDate "2010.04.10"]
[EventType "match (corr)"]
[EventRounds "2"]
[EventCountry "GER"]
[SourceTitle "Telechess CBM 141"]
[Source "ChessBase"]
[SourceDate "2011.03.17"]
[SourceVersion "1"]
[SourceVersionDate "2011.03.17"]
[SourceQuality "1"]

1. d4 Nf6 2. Nc3 d5 3. Bg5 c5 4. dxc5 d4 5. Bxf6 gxf6 6. Ne4 f5 7. Nd2 e5 8. Nb3 Nc6 9. e3 a5 10. a4 Be6 11. Rc1 dxe3 12. Qxd8+ Rxd8 13. fxe3 Bh6 14. Kf2 Bxb3 15. cxb3 Rd2+ 16. Be2 Rxb2 17. Rc3 e4 18. Nh3 Ne5 19. Ke1 Rb1+ 20. Bd1 Rg8 21. Nf4 Bxf4 22. exf4 Rxg2 23. fxe5 f4 24. Rf1 e3 0-1

[Event "LSS No Engine Cup Gr09 prel 05 email"]
[Site "LSS email"]
[Date "2009.10.31"]
[Round "?"]
[White "Tjiptadi, Kudus"]
[Black "Turon, Joan"]
[Result "0-1"]
[WhiteElo "1034"]
[BlackElo "1976"]
[PlyCount "48"]
[EventDate "2009.11.01"]
[EventType "tourn (corr)"]
[EventRounds "6"]
[EventCountry "GER"]
[SourceTitle "Telechess CBM 137"]
[Source "ChessBase"]
[SourceDate "2010.07.15"]
[SourceVersion "1"]
[SourceVersionDate "2010.07.15"]
[SourceQuality "1"]

1. c4 Nf6 2. Nc3 e6 3. Nf3 c5 4. g3 b6 5. Bg2 Bb7 6. 0-0 Be7 7. d3 d5 8. cxd5 exd5 9. Bg5 d4 10. Nb1 0-0 11. Nbd2 Nbd7 12. Rc1 h6 13. Bxf6 Bxf6 14. Nc4 Qc7 15. Qb3 Rfe8 16. Rfe1 Re7 17. e4 dxe3 18. fxe3 Bc6 19. e4 Rd8 20. Ne3 Ne5 21. Nxe5 Qxe5 22. Ng4 Qxb2 23. Qxb2 Bxb2 24. Rcd1 Ba4 0-1

[Event "LSS No Engine Cup 09 Preliminary 5"]
[Site "LSS email"]
[Date "2009.10.31"]
[Round "?"]
[White "Turon, Joan"]
[Black "Bester, Kazimierz"]
[Result "1-0"]
[WhiteElo "1583"]
[BlackElo "702"]
[PlyCount "31"]
[EventDate "2009.11.01"]
[EventType "tourn (corr)"]
[EventRounds "6"]
[EventCountry "GER"]
[SourceTitle "Corr 2015"]
[Source "ChessBase"]
[SourceDate "2015.07.17"]
[SourceVersion "1"]
[SourceVersionDate "2015.07.17"]
[SourceQuality "1"]

1. e4 c5 2. Nf3 Nc6 3. d4 cxd4 4. Nxd4 Nf6 5. Nc3 e6 6. Ndb5 a6 7. Nd6+ Bxd6 8. Qxd6 Ne7 9. Bg5 0-0 10. 0-0-0 Ng6 11. e5 Nxe5 12. Qxe5 d5 13. Ne4 Qe7 14. Nxf6+ gxf6 15. Bxf6 Qc5 16. Qg5# 1-0

[Event "LSS RB-2009-0-00061"]
[Site "LSS email"]
[Date "2009.08.27"]
[Round "?"]
[White "Turon, Joan"]
[Black "Laczay, Istvan"]
[Result "0-1"]
[WhiteElo "1976"]
[BlackElo "1807"]
[PlyCount "30"]
[EventDate "2009.07.22"]
[EventType "tourn (corr)"]
[EventRounds "6"]
[EventCountry "GER"]
[SourceTitle "Corr 2013"]
[Source "ChessBase"]
[SourceDate "2012.11.12"]
[SourceVersion "1"]
[SourceVersionDate "2012.11.12"]
[SourceQuality "1"]

1. Nf3 c5 2. c4 Nc6 3. g3 d6 4. Bg2 g6 5. 0-0 Bg7 6. Nc3 Nf6 7. d4 cxd4 8. Nxd4 Bd7 9. Nc2 0-0 10. Bd2 Qc8 11. Re1 Bh3 12. Bh1 Ne5 13. b3 Qd7 14. Rc1 Rfd8 15. e4 Nd3 0-1

[Event "LSS RB-2009-0-00061"]
[Site "LSS email"]
[Date "2009.08.26"]
[Round "?"]
[White "Luers, Charles J"]
[Black "Turon, Joan"]
[Result "1-0"]
[WhiteElo "1848"]
[BlackElo "1976"]
[PlyCount "41"]
[EventDate "2009.07.22"]
[EventType "tourn (corr)"]
[EventRounds "6"]
[EventCountry "GER"]
[SourceTitle "Corr 2011"]
[Source "ChessBase"]
[SourceDate "2010.08.31"]
[SourceVersion "1"]
[SourceVersionDate "2010.08.31"]
[SourceQuality "1"]

1. e4 c6 2. d4 d5 3. e5 Bf5 4. Nf3 e6 5. Be2 Ne7 6. 0-0 Nd7 7. Nh4 c5 8. Bg5 Bg6 9. Nxg6 hxg6 10. c4 dxc4 11. Na3 Qb8 12. Nxc4 Nd5 13. Bf3 N7b6 14. Nxb6 Nxb6 15. Rc1 f6 16. dxc5 Nd5 17. Qa4+ Kf7 18. Bxd5 Qxe5 19. Bxe6+ Qxe6 20. Rfe1 Qd5 21. Rcd1 1-0

[Event "LSS RB-2009-0-00061"]
[Site "LSS email"]
[Date "2009.08.25"]
[Round "?"]
[White "Pott, Brian"]
[Black "Turon, Joan"]
[Result "1-0"]
[WhiteElo "1853"]
[BlackElo "1976"]
[PlyCount "32"]
[EventDate "2009.07.22"]
[EventType "tourn (corr)"]
[EventRounds "6"]
[EventCountry "GER"]
[SourceTitle "Corr 2013"]
[Source "ChessBase"]
[SourceDate "2012.11.12"]
[SourceVersion "1"]
[SourceVersionDate "2012.11.12"]
[SourceQuality "1"]

1. e4 c5 2. Nf3 Nc6 3. Nc3 d6 4. g3 Nf6 5. Bg2 g6 6. 0-0 Bg7 7. d3 Bg4 8. h3 Bxf3 9. Bxf3 0-0 10. Bg2 Rb8 11. Be3 b5 12. Ne2 b4 13. Qd2 Nd7 14. c3 Qb6 15. f4 f5 16. exf5 gxf5 1-0